|
|
|
|
| LEADER |
00000nas a2200000 a 4500 |
| 001 |
ssj0007267 |
| 003 |
WaSeSS |
| 005 |
20200512172242.0 |
| 006 |
m d |
| 007 |
cr n |
| 008 |
861205c19879999nyubr p s bhr 0 a0eng c |
| 010 |
|
|
|a 87654195
|z sn 86002631
|
| 022 |
|
|
|l 0891-6136
|y 0891-6136
|
| 035 |
|
|
|a (WaSeSS)ssj0007267
|
| 037 |
|
|
|b Poets & Writers, Inc., 72 Spring St., New York, NY 10012
|
| 040 |
|
|
|a NSD
|b eng
|c NSD
|d FUG
|d NYG
|d DLC
|d HUL
|d NSD
|d NST
|d DLC
|d HUL
|d IUL
|d NST
|d NSD
|d NST
|d OCLCQ
|d ITJCU
|d OCLCQ
|d OCLCF
|d ORZ
|d OCL
|d GRR
|d OCLCO
|d OCLCA
|d PAU
|d OCLCQ
|d JSV
|d LKC
|d OCLCO
|d HTM
|d OCLCO
|d ZAS
|d WaSeSS
|
| 042 |
|
|
|a nsdp
|a pcc
|
| 043 |
|
|
|a n-us---
|
| 050 |
0 |
0 |
|a PS129
|b .C55
|
| 082 |
0 |
0 |
|a 810/.9
|2 19
|
| 210 |
0 |
|
|a Poets writ.
|
| 222 |
|
0 |
|a Poets & writers
|
| 245 |
0 |
0 |
|a Poets & writers
|h [electronic resource].
|
| 246 |
3 |
0 |
|a Poets and writers
|
| 246 |
1 |
3 |
|a Poets & writers magazine
|
| 246 |
3 |
0 |
|a Poets and writers magazine
|
| 260 |
|
|
|a New York, NY :
|b Poets & Writers, Inc.,
|c ©1987-
|
| 310 |
|
|
|a Bimonthly
|
| 362 |
0 |
|
|a Vol. 15, issue 1 (Jan./Feb. 1987)-
|
| 500 |
|
|
|a Title from cover.
|
| 506 |
|
|
|a License restrictions may limit access.
|
| 515 |
|
|
|a Vol. 15, issue 1 called also: Special premier issue.
|
| 588 |
|
|
|a Latest issue consulted: Vol. 19, issue 4 (Jul./Aug. 1991).
|
| 648 |
|
7 |
|a 1900-1999
|2 fast
|
| 650 |
|
0 |
|a Authors, American
|y 20th century
|v Periodicals.
|
| 650 |
|
0 |
|a Poets, American
|y 20th century
|v Periodicals.
|
| 650 |
|
0 |
|a Authorship
|v Periodicals.
|
| 650 |
|
7 |
|a Authors, American.
|2 fast
|0 (OCoLC)fst00821764
|
| 650 |
|
7 |
|a Authorship.
|2 fast
|0 (OCoLC)fst00822442
|
| 650 |
|
7 |
|a Poets, American.
|2 fast
|0 (OCoLC)fst01067794
|
| 655 |
|
0 |
|a Electronic journals.
|
| 710 |
2 |
|
|a Poets & Writers, Inc.
|
| 780 |
0 |
0 |
|t Coda
|c (New York)
|x 0091-5645
|w (DLC) 73644056
|w (OCoLC)1787074
|
| 850 |
|
|
|a AAP
|a ArU
|a AzTeS
|a CLSU
|a CU-I
|a CU-Riv
|a CaOWA
|a CoFS
|a CoU
|a DGW
|a DLC
|a FU
|a GASU
|a ICU
|a ICarbS
|a IEN
|a IaAS
|a IaU
|a InU
|a KyU
|a LNT
|a LU
|a MBU
|a MChB
|a MCM
|a MH
|a MH-Hi
|a MiEM
|a MnU
|a MoU
|a N
|a NIC
|a NNC
|a NcD
|a NcU
|a NhU
|a NjR
|a OCU
|a OkU
|a OrU
|a PU
|a RPB
|a TxCM
|a TxHR
|a ULA
|a ViBlbV
|a ViU
|a VtU
|a WaU
|a WyU
|
| 853 |
2 |
0 |
|8 1
|a v.
|b no.
|u 6
|v r
|i (year)
|j (month)
|w b
|
| 856 |
4 |
0 |
|z Full text available from Research Library: 01/01/2004 to present
|u https://search.proquest.com/publication/47291
|
| 863 |
4 |
1 |
|8 1.1
|a 15
|b 1
|i 1987
|j 01/02
|